000 00823nam a2200253Ia 4500
003 OSt
005 20220923220245.0
006 a|||||r|||| 00| 0
007 ta
008 220922b |||||||| |||| 00| 0 hin d
024 _a185,497
037 _cTextual
040 _aARTS
_cARTS
_bhin
041 _2hin
_ahin
082 _aO152,1(/\25):g(Y), N0;N3
100 _aप्रेम शंकर
245 0 _aभक्तिकाव्य का समाजशास्त्र
246 _aBhaktikāvya kā samājashāstra
250 _aसंस्क0 2
260 _aदिल्ली
_b राधाकृष्ण प्रकाशन
_c1993
300 _a142 पृ.
_ccm.
942 _hO152,1(/\25):g(Y), N0;N3
_cTEXL
_2CC
999 _c338743
_d338743